Des pays plus grands que leurs voisins - Statistiques

Statistiques générales
  • Ce quiz a été pris 405 fois
  • Le résultat moyen est 10 sur 14
Statistiques - réponses
Pays % Correct
Russie
99%
Canada
96%
Brésil
95%
Algerie
90%
Arabie Saoudite
79%
R.D. Congo
79%
Afrique du Sud
78%
Indonesie
71%
Iran
68%
Suède
63%
Soudan
61%
Royaume-Uni
58%
République Dominicaine
43%
Nicaragua
40%
Aucun quiz correspondant
Distribution des résultats
% des personnes avec chaque résultat
Percentile par nombre de réponses
Votre historique - résultats
Vous n’avez pas pris ce quiz